| 000 | 01206cam a2200241 4500 | ||
|---|---|---|---|
| 001 | ABS64077 | ||
| 008 | 000000n2001 000 0 eng u | ||
| 035 | _a(Sirsi) u112649 | ||
| 100 | _aBroomfield, M | ||
| 245 | 2 | _aA nose for landfill | |
| 260 | _c2001 | ||
| 490 |
_aWastes Management _vApril 2001, 24-26(3) |
||
| 520 | _aReports on the problem of landfill site odours. Identifies reasons why only certain landfill sites suffer from odours and discusses the main causes of odours; waste tipping and landfill gas. Looks at the EU Landfill Directive which requires the reduction of biodegradable municipal waste and is likely to also reduce the volume of landfill gas generated. Introduces the draft standard, "Determination of odour concentration by dynamic olfactometry" (prEN13725), which sets down procedures for determining odour strength, and discusses methods of controlling landfill odours. Table. Graph. | ||
| 590 | _aABS | ||
| 650 | _aLANDFILL SITES | ||
| 650 | _aEUROPEAN UNION | ||
| 650 | _aODOUR | ||
| 650 | _aLANDFILL GAS | ||
| 650 | _aMUNICIPAL SOLID WASTE | ||
| 650 | _aDIRECTIVE 99/31/EC | ||
| 690 | _aENVIRONMENTAL AND LAND CONSULTANCY-WASTE MANAGEMENT | ||
| 942 | _n0 | ||
| 999 |
_c67049 _d67049 |
||